000 00579cam a22002291 4500
001 sa 64005913
003 DLC
005 20260227112036.0
008 941012s1962 ii c 000 0 orio
010 _asa 64005913
025 _aPL480:I-O-307
035 _a(OCoLC)31270063
040 _aDLC
_cCU
_dCU
_dDLC
042 _apremarc
050 0 0 _aPK2579.G45
_bB5
100 1 _aGhosh, Aswini Kumar,
_d1892-1962
245 1 0 _aBhubaneśvara.
260 _c[1962]
300 _a6, 172 p.
_bport.
_c18 cm.
500 _aIn Oriya.
651 0 _aBhubaneswar (India)
_xHistory
_vDrama.
999 _c59401
_d59401